000 00777cam a2200253 a 4500
001 000000000014
003 BR-CuiBMT
005 20231025181444.0
008 230717s2020 mgb 000 0 por d
020 _a9788545007364
040 _aBR-CuiBMT
_cBR-CuiBMT
080 _22007
_a343.211
090 _a343.211
_bS586p
_c2. ed.
100 1 _aSilva, Igor Luis Pereira e
245 1 0 _aPrincípios penais /
_cIgor Luis Pereira e Silva ; Prefácio Christiano Fragoso.
250 _a2. ed., rev. ampl. e atual.
260 _aBelo Horizonte :
_bFórum,
_c2020.
300 _a417 p. ;
_c21 cm
504 _aInclui bibliografia.
650 _aDireito penal
_xPrincípios penais
650 _aDireito constitucional
650 _aDireito penal
_vJurisprudência
942 _2udc
_cLV
999 _c14
_d14